Greckie regiony - Statystyki

Ogólne statystyki
  • Ten quiz został rozwiązany 26 razy
  • Średni wynik to 7 z 13
Statystyki odpowiedzi
Region % Poprawnych
Peloponez
80%
Attyka
75%
Kreta
75%
Epir
60%
Macedonia Wschodnia i Tracja
50%
Macedonia Zachodnia
50%
Tesalia
50%
Wyspy Jońskie
45%
Macedonia Środkowa
40%
Grecja Środkowa
35%
Grecja Zachodnia
35%
Wyspy Egejskie Północne
30%
Wyspy Egejskie Południowe
30%
Nie znaleziono quizów pasujących do podanych kryteriów
Rozkład punktacji
Procent ludzi z każdym wynikiem
Percentyl według liczby udzielonych odpowiedzi
Twoja historia wyników
Nie rozwiązałeś tego quizu